000 00760nam a2200217 a 4500
003 MX-MxUPN
005 20240806063837.0
008 991125s1959 mx r 000 0 spa u
035 _aUPN01000005377
040 _aMX-MxUPN
_bspa
_cMX-MxUPN
041 0 _aspa
050 4 _aPQ7297 P27
_bB29 1959
100 1 _aPayno, Manuel,
_d1810-1894
_928602
245 1 4 _aLos bandidos de Río Frío
260 _aMéxico :
_bEl Nacional,
_c1959.
300 _a352 páginas (en 39 fascículos)
650 4 _aLiteratura mexicana
_94466
710 2 _aInstituto Federal de Capacitación del Magisterio (México)
_928505
_epropietario anterior
710 2 _aCentro Nacional de Documentación e Información Educativa (México)
_951353
_epropietario anterior
942 _2lcc
_cLIBRO
999 _c5377
_d5377